| 000 | 00689nam a22002057a 4500 | ||
|---|---|---|---|
| 003 | OSt | ||
| 005 | 20251117134728.0 | ||
| 008 | 251117b |||||||| |||| 00| 0 eng d | ||
| 020 | _a2013 edition. | ||
| 040 |
_aDWCL-Main lib _cOC |
||
| 082 |
_22013 edition. _aFil. 657.046 G934a 2013 |
||
| 100 | _aGuerrero, Pedro P. | ||
| 245 |
_aAdvanced accounting : _ba practical approach, volume 1/ _cPedro P. Guerrero |
||
| 250 | _a2013 edition. | ||
| 260 |
_aManila : _bGIC enterprises, _cc2013. |
||
| 300 |
_aix, 489 p. ; 23 cm. _billustration; _c23 cm. |
||
| 650 | _a1. Accounting. | ||
| 650 | _a2. Accounting--Problems, exercises, etc. | ||
| 942 |
_2ddc _cBK - FIL _e2013 edition. _kFil. _n0 |
||
| 999 |
_c5723 _d5723 |
||